| 000 | 00890cam a2200253 a 4500 | ||
|---|---|---|---|
| 005 | 20240902063638.0 | ||
| 008 | 010903s1997 es r 000 0 spa d | ||
| 020 | _a8472781879 | ||
| 035 | _aUPN01000110889 | ||
| 040 |
_aMX-MxUPN _bspa _cMX-MxUPN |
||
| 049 | _aLT | ||
| 050 | 4 |
_aLB1555 E5.2 _bA6.7 |
|
| 245 | 0 | 0 |
_aAprendo a pensar desarrollando mi inteligencia : _b2 / _cDepartamento de Investigación del ICEE ; il. Javier Aznar Serrano. |
| 260 |
_aMadrid : _bICCE, _c1997. |
||
| 300 |
_a143 p. : _bil. col. |
||
| 440 | 0 | _aAPDI | |
| 500 | _aTítulo y autor tomados de la cubierta. | ||
| 650 | 2 |
_aDesarrollo intelectual _99159 |
|
| 650 | 2 |
_aDesarrollo cognoscitivo _95390 |
|
| 650 | 4 |
_aINTELIGENCIA - _vPROBLEMAS, EJERCICIOS, ETC. _98358 |
|
| 710 | 2 |
_944289 _aInstituto Calazans de Ciencias de la Educación. _bDepartamento de Investigación |
|
| 905 | _aLibro | ||
| 942 |
_2lcc _cLIBRO |
||
| 999 |
_c84798 _d84798 |
||